000 00896nas a2200253 4500
001 BR8500340
003 BR-BrBNA
005 20231205090102.0
007 ta
008 230509b bl.|||p| |||| 00| 00por d
040 _aBR-BrBNA
_bpor
_cBiblioteca Nacional de Agricultura
041 _a(Pt)
072 _aL72
100 1 _aDaemon, E.
100 1 _aFreire, N.M. da S.
245 1 _aBiologia de Anocentor nitens Neumann, 1897: fase nao parasitaria em condicoes de laboratorio [carrapato, equino]
246 1 _a[Biology of Anocentor nitens Neumann, 1897: non-parasitical phase, in laboratory conditions [tick, horse]]
650 _aEQUINO
650 _aCARRAPATO
650 _aBIOLOGIA
773 0 _tRevista Brasileira de Medicina Veterinaria (Brazil)
_xISSN 0100-2430
_g(Nov-Dec 1984), v. 6(6) p. 181-183
_wBR8500340
909 _a202311
_bLúcia
_c55
_dLúcia Elande
942 _2AGRIS
_n0
_cANA
999 _c116051
_d116051